| 000 | 01648nam0a22003371 4500 | ||
|---|---|---|---|
| 001 | rc\2229368 | ||
| 005 | 20250623094841.0 | ||
| 035 | _a(NLR Aleph) 006709256 | ||
| 090 |
_a5325467 _c5325467 |
||
| 100 | _a20110829d1978 |||y0rusy50 ca | ||
| 101 | 0 | _arus | |
| 102 | _aRU | ||
| 105 | _aa j ||||| | ||
| 200 | 1 |
_aТехнология строительного производства _e[Учебник для вузов по спец. "Пром. и гражд. стр-во" _fЗасл. строитель РСФСР, проф., д. т. н. Н.А. Смирнов, к. т. н., проф. М.А. Вебер, к. т. н., доц. Л.Д. Акимова и др.] _gПод ред. Н.А. Смирнова и М.А. Вебера |
|
| 205 | _a3-е изд., доп. и перераб. | ||
| 210 |
_aЛенинград _cСтройиздат. Ленингр. отд-ние _d1978 |
||
| 215 |
_a544 с. _cил. _d22 |
||
| 300 | _aАвт. 4-го изд.: Л.Д. Акимова, Н.Г. Аммосов, Г.М. Бадьин и др. | ||
| 320 | _aПредм. указ.: с. 533-536 | ||
| 606 |
_aСтроительное дело _jУчебники и пособия _2psbo |
||
| 701 | 1 |
_aАкимова _bЛ.Д. |
|
| 702 | 1 |
_aВебер _bМ.А. _4570 |
|
| 702 | 1 |
_4570 _7ca _8rus _aСмирнов _bН. А. _cд-р техн. наук, строительство _f1897-1976 _gНиколай Александрович _9271120 _3RU\NLR\AUTH\770271176 |
|
| 801 | 0 |
_aRU _bNLR _gpsbo |
|
| 801 | 1 |
_aRU _bELAR _2rusmarc |
|
| 852 |
_aNLR _j78-5/5394 |
||
| 899 |
_aRuMoRGB _jБ 78-11/221 |
||
| 899 |
_aRuMoRGB _jБ 78-11/222 |
||
| 942 | _cBOOK | ||
| 980 | _aNB | ||